Los Nuevos movimientos sociales /
Salvato in:
| Autore principale: | |
|---|---|
| Natura: | testo |
| Tags: |
Aggiungi Tag
Nessun Tag, puoi essere il primo ad aggiungerne!!
|
MARC
| LEADER | 00000 a a2200000 04500 | ||
|---|---|---|---|
| 001 | 10985 | ||
| 003 | |||
| 040 | |||
| 100 | |a Sousa Santos, Boaventura de | ||
| 245 | |a Los Nuevos movimientos sociales / |c Boaventura de Sousa Santos | ||
| 773 | |g volumen 2, número 5; páginas 177-184 | ||
| 999 | |c 32484 |d 32484 | ||
